000 00795nam a2200217Ia 4500
003 GCL
008 140319s9999 xx 000 0 ara d
040 _aGCL /
_cGCL
082 0 4 _aق
_b962
_bم ك
100 1 _aميخائيل شاروبيم
245 1 0 _aالكافى فى تاريخ مصر القديم والحديث /
_cميخائيل شاروبيم
250 _aالثانية
260 _aالقاهرة :
_bمكتبة مدبولى ،
_c2004
300 _a4 مج ؛
_c24 سم
490 _aصفحات من تاريخ مصر
_v48
650 0 4 _aمصر - تاريخ
650 0 4 _aمصر - تاريخ - العصر العثمانى ( 1517-1914 م )
650 0 4 _aمصر - تاريخ - عصر صدر الاسلام
650 0 4 _aمصر القديمة - تاريخ
942 _2ddc
_cBK
999 _c42829
_d42829